000 02006nam a2200325 i 4500
003 DO-SdBNP
005 20250414144047.0
007 ta
008 250414b2024 dr a|||| |||| 00| 0 spa d
020 _a9789945223996
040 _aDO-SdBNP
_bspa
_cBNPHU
_erda
041 _aspa
082 4 _axxx
_bM972c
_222
100 1 _aMurat González, Talleyrand
_4aut.
_eautor
_974021
245 1 3 _aEl calamar gigante de Noto :
_bla COVID-19 y la reactivación de la economía /
_cTalleyrand Murant González ; ilustraciones, Wilson Morfe ; cuidado de edición y corrección, Alexandra Deschamps ; prólogo, Víctor Eddy Mateo Vázquez.
264 4 _aSanto Domingo :
_bEditora Búho,
_c©2024.
300 _a131 páginas :
_bilustraciones, mapas ;
_c23 cm.
336 _atexto
_btxt
_2rdacontent
337 _asin mediación
_bn
_2rdamedia
338 _avolumen
_bnc
_2rdacarrier
500 _aUn modelo de gestión municipal del siglo XXI, inversión pública, cultura y turismo
500 _aIncluye datos biográficos del autor en las solapas
500 _aLa biblioteca posee 1 ejemplar autografiado por el autor.
504 _aBibliografía: paginas 117-122
505 _aI. Descripción del municipio japonés de Noto -- II. La COVID y la inversión pública en Noto, Japón -- III. Construcción de un calamar gigante en el municipio de Noto ¿De qué manera ayuda a los habitantes? -- IV. Plan municipal de desarrollo: objetivo, justificación, enfoque metodológico, territorio, espacios públicos, cultura y turismo estratégicos en Noto -- V. Imagen institucional en Noto y fallas en la estrategia de comunicación interna y externa -- VI. Importancia de la comunicación política y marketing municipal -- VII. Noto, un municipio con visión a largo plazo -- VIII. Consideraciones finales.
700 1 _aAlexandra Deschamps,
_eeditor
_4ed.
_987449
700 1 _aMorfe, Wilson,
_eilustrador
_4il.
_974022
700 1 _aMateo Vázquez, Víctor Eddy,
_eprologuista
_4pr.
_987450
942 _2ddc
_cLBS1
999 _c58425
_d58425